• 首页
  • 本馆介绍
  • 公告通知
  • 最新文献
  • 馆藏检索
  • 电子资源
  • 读者导购
  • 参考咨询
  • 我的图书馆
  • 登录
  • 详细信息显示
  • 放入我的书架
  • 预约/预借图书
  • 作者相关作品
  • 分类相关作品
  • 丛书相关作品
  • 出版社相关作品

书目信息

  • 表格格式
  • 工作单格式
  • 卡片格式
题名:
居民幸福背景下的水资源管理模式创新研究
    
 
作者: 王亚敏 著
分册:  
出版信息: 长春   吉林大学出版社  2019.06
页数: 225页
开本: 24cm
丛书名:
单 册:
中图分类: TV213.4
科图分类:
主题词: 水资源管理--shui zi yuan guan li--管理模式--研究--中国
电子资源:
ISBN: 978-7-5692-4955-2
000 01127nam0 2200241 450
001 CAL 0120192808609
005 20230217093113.0
010    @a978-7-5692-4955-2@dCNY66.00
100    @a20190730d2019 em y0chiy0120 ea
101 0  @achi
102    @aCN@b220000
105    @aa a 000yy
106    @ar
200 1  @a居民幸福背景下的水资源管理模式创新研究@Aju min xing fu bei jing xia de shui zi yuan guan li mo shi chuang xin yan jiu@f王亚敏著
210    @a长春@c吉林大学出版社@d2019.06
215    @a225页@c图@d24cm
320    @a有书目 (第221-225页)
330    @a本书属于水资源管理方面的著作, 从以下几部分加以论述: 水资源管理基础理论及发展沿革 ; 居民幸福背景下水资源经济福利、社会福利、政治福利、文化福利及生态福利管理模式研究 ; 居民幸福背景下水资源管理模式创新思考等内容。全书基于居民幸福背景下, 就当下水资源创新管理所做的深刻研究, 并希望借此研究与探讨, 为当前水资源开发与管理的居民幸福转向提供实践原则与基本路径参考。
606 0  @a水资源管理@Ashui zi yuan guan li@x管理模式@x研究@y中国
690    @aTV213.4@v5
701  0 @a王亚敏@Awang ya min@4著
801  0 @aCN@bBJXHZP@c20230228
905    @b1381916-9@dTV213.4@e319@f4
    
    居民幸福背景下的水资源管理模式创新研究/王亚敏著.-长春:吉林大学出版社,2019.06
    225页:图;24cm
    
    
    ISBN 978-7-5692-4955-2:CNY66.00
    本书属于水资源管理方面的著作, 从以下几部分加以论述: 水资源管理基础理论及发展沿革 ; 居民幸福背景下水资源经济福利、社会福利、政治福利、文化福利及生态福利管理模式研究 ; 居民幸福背景下水资源管理模式创新思考等内容。全书基于居民幸福背景下, 就当下水资源创新管理所做的深刻研究, 并希望借此研究与探讨, 为当前水资源开发与管理的居民幸福转向提供实践原则与基本路径参考。
●
相关链接 在E读中查询图书 在五车中查询图书 在当当中查询图书 在豆瓣中查询图书


正题名:居民幸福背景下的水资源管理模式创新研究     索取号:TV213.4/319         预约/预借

序号 登录号 条形码 馆藏地/架位号 状态 备注
1 1381916   213819162   第二样本阅览室/ [索取号:TV213.4/319] 在馆    
2 1381917   213819171   第三借阅区/ [索取号:TV213.4/319] 在馆    
3 1381918   213819180   第三借阅区/ [索取号:TV213.4/319] 在馆    
4 1381919   213819199   第三借阅区/ [索取号:TV213.4/319] 在馆    
唐山师范学院图书馆 欢迎您!
大连网信软件有限公司© 版权所有